Thiết lập kế hoạch phát triển bản thân

שמור ב:
מידע ביבליוגרפי
מחבר ראשי: Ziglar, Zig
פורמט: Sách
שפה:Undetermined
יצא לאור: Lao động ; Công ty Văn hoá và Truyền thông 1980 Books 2019
נושאים:
תגים: הוספת תג
אין תגיות, היה/י הראשונ/ה לתייג את הרשומה!
Thư viện lưu trữ: Trung tâm Thư viện - Trường Đại học Công nghiệp TP. Hồ Chí Minh
LEADER 00551nam a2200157Ia 4500
001 UIH_00339
008 230809s9999 xx 000 0 und d
082 |a 158.1 
100 |a Ziglar, Zig 
245 0 |a Thiết lập kế hoạch phát triển bản thân 
245 0 |c Ziglar, Zig 
260 |b Lao động ; Công ty Văn hoá và Truyền thông 1980 Books 
260 |c 2019 
650 |a Tâm lí học ứng dụng; 
927 |a Sách 
980 |a Trung tâm Thư viện - Trường Đại học Công nghiệp TP. Hồ Chí Minh